000 00356cam a2200145ua 4500
041 _aeng
_h
082 _a792.0954
_bBAL/TH
100 _aBalwant, Gargi.
245 _aTheatre in India /
_cBalwant Gargi.
_hTextual Documents
260 _aNew York :
_bTheatre Arts Books ,
_c1962.
300 _a245 ; .
504 _a
942 _cBK
999 _c5949
_d5949